[Event "HUN-chT 0506"]
[Site "Hungary"]
[Date "2006.01.22"]
[Round "6"]
[White "Erdos, Viktor"]
[Black "Portisch, Lajos"]
[Result "1-0"]
[WhiteElo "2503"]
[BlackElo "2533"]
[EventDate "2005.10.16"]

1. d4 d5 2. c4 e6 3. Nc3 Be7 4. cxd5 exd5 5. Bf4 c6 6. e3 Bf5 7. Nge2 Nd7 
8. f3 h5 9. Qd2 Ngf6 10. Nc1 Nf8 11. Bd3 Bxd3 12. Nxd3 Ne6 13. Be5 Nd7 14.
 Bg3 h4 15. Bf2 Bd6 16. e4 h3 17. g3 dxe4 18. fxe4 O-O 19. O-O-O Nb6 20. 
Kb1 Qg5 21. Qxg5 Nxg5 22. Be3 Be7 23. Nf2 Rfd8 24. Rd3 Rd7 25. Rhd1 Rad8 
26. Ne2 Kf8 27. Bxg5 Bxg5 28. Nxh3 Be7 29. Nf2 Nc4 30. h4 Nb6 31. Nc1 Na8 
32. Nb3 b6 33. Rc3 c5 34. d5 Nc7 35. Ng4 Nb5 36. Rf3 c4 37. Nd4 Nxd4 38. 
Rxd4 Rc7 39. e5 Bc5 40. Rd1 Kg8 41. d6 Rb7 42. h5 f6 43. exf6 Rxd6 44. 
Rxd6 Bxd6 45. fxg7 Rxg7 46. Nh6+ Kh7 47. Nf5 Rf7 48. g4 Be7 49. Rf4 b5 50.
 Re4 Bg5 51. Re6 Rd7 52. Rd6 Rc7 53. Kc2 b4 54. Rg6 Bf4 55. Re6 Bg5 56. 
Ng3 Bh4 57. Nf5 Bg5 58. Nd6 Bh4 59. Re4 c3 60. Rc4 Rd7 61. Ne4 cxb2 62. 
Kxb2 Rg7 63. Kb3 a5 64. Ka4 Kh8 65. Rc8+ Kh7 66. Rc4 Kh8 67. Nd6 Rd7 68. 
Rc6 Rg7 69. Rc8+ Kh7 70. Rc4 Rd7 71. Ne4 Rg7 72. Kxa5 Ra7+ 73. Kxb4 Rxa2 
74. Rc7+ Kg8 75. Rc6 Re2 76. Re6 Rg2 77. Rg6+ Kh7 78. Kc4 Rg1 79. Kd4 Bd8 
80. Ke3 Re1+ 81. Kf3 Be7 82. Re6 1-0

[Event "HUN-chT 0607"]
[Site "Hungary"]
[Date "2006.12.17"]
[Round "4"]
[White "Erdos, Viktor"]
[Black "Berkes, Ferenc"]
[Result "1/2-1/2"]
[WhiteElo "2503"]
[BlackElo "2589"]
[EventDate "2006.11.12"]

1. d4 Nf6 2. c4 e6 3. Nf3 d5 4. cxd5 exd5 5. Nc3 c6 6. Qc2 Be7 7. Bg5 O-O 
8. e3 Nbd7 9. Bd3 Re8 10. h3 Nf8 11. Bf4 Bd6 1/2-1/2

[Event "Kostic mem 14th"]
[Site "Vrsac"]
[Date "2006.09.13"]
[Round "2"]
[White "Ivanisevic, Ivan"]
[Black "Damljanovic, Branko"]
[Result "1/2-1/2"]
[WhiteElo "2596"]
[BlackElo "2625"]
[EventDate "2006.09.12"]

1. d4 Nf6 2. c4 e6 3. Nc3 d5 4. cxd5 exd5 5. Bg5 Be7 6. e3 c6 7. Qc2 Nbd7 
8. Bd3 Nf8 9. Nge2 Ne6 10. Bh4 g6 11. f3 O-O 12. Bf2 c5 13. dxc5 Nxc5 14. 
O-O Qa5 15. Nf4 Ne6 16. Rad1 Bd7 17. Qd2 Bc8 18. Qc2 Rd8 19. Nb5 Bd7 20. 
Nd4 Rac8 21. Qb1 Bd6 22. Nfe2 Re8 1/2-1/2

[Event "Le Touquet op"]
[Site "Le Touquet"]
[Date "2006.11.01"]
[Round "7"]
[White "Burmakin, Vladimir"]
[Black "Epishin, Vladimir"]
[Result "1/2-1/2"]
[WhiteElo "2559"]
[BlackElo "2527"]
[EventDate "2006.10.28"]

1. d4 Nf6 2. Nf3 d5 3. c4 e6 4. cxd5 exd5 5. Nc3 c6 6. Bg5 Be7 7. e3 Bf5 
8. Bd3 Bxd3 9. Qxd3 Nbd7 10. O-O O-O 11. Qc2 Ne8 12. Bxe7 Qxe7 13. Na4 Nd6
14. Nc5 Nxc5 15. Qxc5 a5 16. Ne5 Rfe8 17. Rac1 Ne4 18. Qxe7 Rxe7 19. Nd3 
f6 20. Nc5 Kf7 21. Nxe4 1/2-1/2

[Event "Minsk Inautomarket op"]
[Site "Minsk"]
[Date "2006.07.17"]
[Round "8"]
[White "Andreikin, Dmitry"]
[Black "Miroshnichenko, Evgenij"]
[Result "1/2-1/2"]
[WhiteElo "2503"]
[BlackElo "2616"]
[EventDate "2006.07.10"]

1. d4 Nf6 2. Nf3 d5 3. c4 c6 4. Nc3 e6 5. cxd5 exd5 6. Bg5 Be7 7. e3 Bf5 
8. Bd3 Bxd3 9. Qxd3 Nbd7 10. Nh4 g6 11. Nf3 O-O 1/2-1/2

[Event "Mitropa Cup"]
[Site "Brno"]
[Date "2006.09.12"]
[Round "6.4"]
[White "Braun, Arik"]
[Black "Simacek, Pavel"]
[Result "1/2-1/2"]
[WhiteElo "2526"]
[BlackElo "2500"]
[EventDate "2006.09.07"]

1. d4 Nf6 2. c4 e6 3. Nc3 d5 4. cxd5 exd5 5. Bg5 Nbd7 6. e3 c6 7. Bd3 Be7 
8. Nf3 Nf8 9. Qc2 Bg4 10. Ne5 Bh5 11. f4 Ng4 12. Bxe7 Qxe7 13. Nxg4 Bxg4 
14. Qf2 Bd7 15. f5 h6 16. O-O-O Nh7 17. Qf4 O-O-O 18. e4 Qg5 19. Qxg5 hxg5
20. e5 Rdg8 21. h4 g6 22. e6 fxe6 23. fxg6 Nf6 24. Rdf1 Nh5 25. hxg5 Be8 
26. g4 Nf4 27. Rxh8 Nxd3+ 28. Kd2 Rxh8 29. g7 Rg8 30. Rf8 Rxg7 31. Kxd3 
Kd7 32. Ke3 Ke7 33. Rh8 Rxg5 34. Rh7+ Bf7 35. Kf4 Rg6 36. g5 Kf8 37. Nd1 
Kg8 38. Rh2 Rg7 39. Ne3 Rh7 40. Rh6 Kg7 41. Ng4 Bg8 42. b4 a6 43. a4 Rxh6 
44. gxh6+ Kg6 45. a5 Bh7 46. Ke5 Kg5 47. Nf6 Kxh6 48. Kxe6 Bd3 49. Nd7 Kg5
50. Nc5 Kf4 51. Nxd3+ 1/2-1/2

[Event "Moscow Aeroflot op-B"]
[Site "Moscow"]
[Date "2006.02.15"]
[Round "9"]
[White "Drozdovskij, Yuri"]
[Black "Zakharevich, Igor"]
[Result "1/2-1/2"]
[WhiteElo "2550"]
[BlackElo "2523"]
[EventDate "2006.02.07"]

1. d4 d5 2. c4 e6 3. Nc3 Be7 4. cxd5 exd5 5. Bf4 c6 6. e3 Bf5 7. Nge2 Nf6 
8. Ng3 Bg6 9. h4 h5 10. Be2 Nbd7 11. Bf3 Qb6 12. Qe2 Kf8 13. Kf1 Re8 14. 
Kg1 Kg8 1/2-1/2

[Event "RUS-chT 13th"]
[Site "Sochi"]
[Date "2006.04.23"]
[Round "4"]
[White "Volkov, Sergey"]
[Black "Rychagov, Andrey"]
[Result "0-1"]
[WhiteElo "2620"]
[BlackElo "2542"]
[EventDate "2006.04.20"]

1. d4 d5 2. c4 e6 3. Nc3 Nf6 4. cxd5 exd5 5. Bg5 Be7 6. e3 O-O 7. Nf3 c6 
8. Qc2 Nbd7 9. Bd3 Re8 10. h3 Nf8 11. Bf4 Ng6 12. Bh2 Bd6 13. Bxd6 Qxd6 
14. O-O-O Be6 15. Kb1 Rac8 16. Ng5 Bd7 17. e4 dxe4 18. Ncxe4 Nxe4 19. Nxe4
Qe7 20. Nc5 Rc7 21. h4 Nf8 22. h5 h6 23. f3 Bc8 24. Qa4 b6 25. Ne4 Rd8 26.
 Bc2 Ne6 27. Rhe1 Qh4 28. g4 Rcd7 29. Rh1 Qe7 30. Rhe1 Nxd4 31. Nc3 Qf6 
32. Be4 Nxf3 33. Bxf3 Qxf3 34. Rxd7 Bxd7 35. Qxa7 b5 36. g5 hxg5 37. Qc7 
Qd3+ 38. Ka1 Be6 39. Qe7 Qd4 40. Qxg5 b4 41. Ne2 Qd5 42. Qxd5 Bxd5 43. Ng3
Ra8 44. Kb1 Bxa2+ 45. Kc2 Be6 46. Re4 Ra5 47. Rxb4 Rg5 48. Ne2 Rxh5 49. 
Nd4 Bd5 50. Rb8+ Kh7 51. b4 g5 52. b5 cxb5 53. Rxb5 Be4+ 54. Kd2 Rh3 55. 
Ke1 Kg6 56. Kf2 Rd3 57. Rb4 f5 58. Ra4 Kf6 59. Ne2 Rf3+ 60. Kg1 g4 61. Rb4
g3 62. Rb6+ Kf7 63. Ra6 Re3 64. Ra2 f4 65. Ra7+ Kf6 66. Ra6+ Kg5 67. Ra2 
Bf3 68. Ra5+ Kg4 0-1

[Event "SCG-ch 2nd"]
[Site "Pancevo"]
[Date "2006.03.12"]
[Round "13"]
[White "Miladinovic, Igor"]
[Black "Savic, Miodrag R"]
[Result "1-0"]
[WhiteElo "2607"]
[BlackElo "2517"]
[EventDate "2006.02.27"]

1. d4 Nf6 2. c4 e6 3. Nc3 d5 4. cxd5 exd5 5. Bg5 c6 6. e3 Be7 7. Bd3 Nbd7 
8. h3 O-O 9. Qc2 Re8 10. Nf3 Ne4 11. Bxe4 dxe4 12. Nxe4 Qa5+ 13. Kf1 Qf5 
14. Bxe7 Rxe7 15. Nfd2 Nb6 16. Rc1 Nd5 17. Kg1 Qg6 18. Nc3 Qxc2 19. Rxc2 
Nb4 20. Rc1 Be6 21. b3 Rd8 22. Nde4 f5 23. Nc5 b6 24. Nxe6 Rxe6 25. a3 Nd5
26. g3 Nf6 27. Kg2 Ne4 28. Rc2 Nxc3 29. Rxc3 Kf7 30. Rhc1 Rdd6 31. h4 Ke7 
32. b4 g6 33. a4 a6 34. Kf3 h5 35. a5 b5 36. Rc5 Kd7 37. Rd1 Re4 38. Rd3 
Ke6 39. Ke2 Kd7 40. Re5 Rd5 41. Rxd5+ cxd5 42. Rc3 f4 43. gxf4 Re8 44. Rc5
Kd6 45. Rc1 Re6 46. Kd3 Kd7 47. f3 Rf6 48. Rc5 Kd6 49. Rc8 Kd7 50. Ra8 Rc6
51. e4 Rf6 52. Ke3 Re6 53. Ra7+ Ke8 54. Rc7 Rd6 55. Rc5 1-0

[Event "Serbia-chT"]
[Site "Zlatibor"]
[Date "2006.08.28"]
[Round "3"]
[White "Lajthajm, Borko"]
[Black "Stojanovic, Mihajlo"]
[Result "1/2-1/2"]
[WhiteElo "2507"]
[BlackElo "2549"]
[EventDate "2006.08.26"]

1. d4 d5 2. c4 e6 3. Nc3 Nf6 4. Bg5 Nbd7 5. cxd5 exd5 6. e3 Be7 7. Qc2 O-O
8. Bd3 c6 9. Nge2 Re8 10. O-O-O Nf8 1/2-1/2

[Event "Sevilla Juegos Mundiales op"]
[Site "Sevilla "]
[Date "2006.??.??"]
[Round "?"]
[White "Illescas Cordoba, Miguel"]
[Black "Quezada, Yuniesky"]
[Result "1-0"]
[WhiteElo "2608"]
[BlackElo "2512"]
[EventDate "2006.07.01"]

1. d4 d5 2. c4 c6 3. Nf3 Nf6 4. Nc3 e6 5. Bg5 Nbd7 6. e3 Qa5 7. cxd5 exd5 
8. Nd2 Bd6 9. Bd3 O-O 10. a3 Re8 11. b4 Qc7 12. Rc1 a6 13. Bh4 Nf8 14. 
Bxf6 gxf6 15. Nxd5 Qd8 16. Nc3 f5 17. g3 Qf6 18. O-O Be6 19. Qf3 Qg5 20. 
h4 Qh6 21. Bxf5 Ng6 22. Nde4 Rad8 23. Nf6+ Kh8 24. Nxe8 Rxe8 25. Bxe6 fxe6
26. Ne4 Rf8 27. Qg4 Bc7 28. Qxe6 Bxg3 29. Nxg3 Qxh4 30. Rc5 1-0

[Event "Venacu rap"]
[Site "Venacu"]
[Date "2006.11.02"]
[Round "1.4"]
[White "Kazhgaleyev, Murtas"]
[Black "Fridman, Daniel"]
[Result "1-0"]
[WhiteElo "2606"]
[BlackElo "2569"]
[EventDate "2006.11.02"]

1. d4 d5 2. c4 c6 3. Nc3 Nf6 4. Nf3 e6 5. Bg5 Nbd7 6. e3 Qa5 7. Qc2 Ne4 8.
 cxd5 exd5 9. Bd3 Nxg5 10. Nxg5 h6 11. Nf3 Be7 12. O-O-O Nf6 13. Ne5 O-O 
14. f4 c5 15. Kb1 c4 16. Be2 b5 17. Bf3 b4 18. Nc6 Qc7 19. Nxd5 Nxd5 20. 
Bxd5 Bb7 21. Qxc4 Rac8 22. Rc1 Bd6 23. g3 Qb6 24. e4 Ba6 25. Qc2 Rfe8 26. 
e5 Bf8 27. Qf5 Rc7 28. e6 fxe6 29. Bxe6+ Kh8 30. d5 b3 31. Ne5 g5 32. Nf7+
Rxf7 33. Qxf7 Bd3+ 34. Ka1 Bg7 35. Qxe8+ Kh7 36. Bg8+ 1-0

[Event "AUT-chT 0607"]
[Site "Austria"]
[Date "2007.01.20"]
[Round "6"]
[White "Rotstein, Arkadij"]
[Black "Bischoff, Klaus"]
[Result "1/2-1/2"]
[WhiteElo "2545"]
[BlackElo "2532"]
[EventDate "2006.11.03"]

1. c4 Nf6 2. d4 e6 3. Nc3 d5 4. cxd5 exd5 5. Bg5 c6 6. e3 Be7 7. Bd3 Nbd7 
8. Nge2 Nh5 9. Bxe7 Qxe7 10. Qc2 g6 11. O-O-O Nb6 12. h3 Ng7 13. g4 Bd7 
14. Kb1 O-O-O 15. e4 Kb8 16. exd5 cxd5 17. Qd2 h5 1/2-1/2

[Event "CRO-chT 16th"]
[Site "Sibenik"]
[Date "2007.05.19"]
[Round "3"]
[White "Cvitan, Ognjen"]
[Black "Pavasovic, Dusko"]
[Result "1/2-1/2"]
[WhiteElo "2540"]
[BlackElo "2567"]
[EventDate "2007.05.17"]

1. c4 e6 2. d4 d5 3. Nc3 c6 4. cxd5 exd5 5. Bf4 Bd6 6. Bg3 Ne7 7. e3 Nf5 
8. Bd3 g6 9. Bxf5 Bxf5 10. Bxd6 Qxd6 11. Nge2 Nd7 12. O-O O-O 13. Qd2 Nb6 
14. b3 Rfe8 15. Ng3 Qf6 16. f3 Qg5 17. Rae1 Rad8 18. Rf2 Bc8 19. Nd1 Nd7 
20. Qc3 h5 21. Nf1 h4 22. Rfe2 Nf6 23. Nf2 b6 24. Qxc6 Ba6 25. Nh3 Qf5 26.
 Rf2 Rc8 27. Qd6 Bxf1 28. Rfxf1 Rc3 29. e4 dxe4 30. fxe4 Nxe4 31. Qb4 Qa5 
32. Qxa5 bxa5 33. Ng5 f5 34. Rf4 a4 35. bxa4 Rc4 36. Nxe4 Rxe4 37. Rexe4 
fxe4 38. Rxe4 Rxa4 39. Rxh4 Rxa2 40. Re4 Rd2 41. Re6 Kf7 42. Ra6 Rxd4 43. 
Rxa7+ Kf6 44. h3 Rd2 45. Kh2 Rd3 46. Ra6+ Kg7 47. h4 Kh7 48. g3 Kg7 49. 
Kh3 Rd4 50. Ra7+ Kf6 1/2-1/2

[Event "CZE-chT2 East 0607"]
[Site "Czechia"]
[Date "2007.02.18"]
[Round "8.1"]
[White "Polak, Tomas"]
[Black "Simacek, Pavel"]
[Result "0-1"]
[WhiteElo "2500"]
[BlackElo "2501"]
[EventDate "2006.10.15"]

1. d4 Nf6 2. c4 e6 3. Nc3 d5 4. Bg5 Nbd7 5. e3 c6 6. cxd5 exd5 7. Bd3 Bd6 
8. Qc2 Nf8 9. Nf3 Ng6 10. h4 Be6 11. h5 Nf8 12. h6 g6 13. O-O-O N8d7 14. 
Kb1 Qa5 15. Rc1 O-O 16. Bf4 Bb4 17. Ng5 Rfe8 18. f3 c5 19. a3 Bxc3 20. 
Qxc3 Qxc3 21. bxc3 Rac8 22. e4 Nb6 23. Bd6 dxe4 24. fxe4 Bc4 25. Bc2 cxd4 
26. cxd4 Ng4 27. d5 Nf2 28. Rh4 Nd3 29. Rd1 Ba2+ 30. Kxa2 Rxc2+ 31. Kb3 
Rb2+ 32. Kc3 Rxg2 33. Kxd3 Rxg5 34. Kd4 Rd8 35. e5 Rxd6 0-1

[Event "Cappelle la Grande op 23rd"]
[Site "Cappelle la Grande"]
[Date "2007.03.09"]
[Round "8"]
[White "Kharitonov, Alexandr"]
[Black "Burmakin, Vladimir"]
[Result "1/2-1/2"]
[WhiteElo "2503"]
[BlackElo "2568"]
[EventDate "2007.03.03"]

1. d4 Nf6 2. c4 e6 3. Nc3 d5 4. cxd5 exd5 5. Bg5 Be7 6. e3 O-O 7. Bd3 Nbd7
8. Nf3 Re8 9. Qc2 Nf8 10. O-O c6 11. Rae1 h6 12. Bh4 Nh5 13. Bxe7 Qxe7 14.
 Ne5 Nf6 15. f4 N6d7 16. e4 dxe4 17. Nxe4 Nb6 18. f5 Qd8 19. Qc5 Nfd7 20. 
Nxd7 Nxd7 21. Qd6 Nb6 22. Qc5 Na4 23. Qb4 b5 24. Bb1 a5 25. Qd2 f6 26. b3 
Nb6 27. Nc5 Ra7 1/2-1/2

[Event "Chelyabinsk Arhipov mem"]
[Site "Chelyabinsk"]
[Date "2007.03.16"]
[Round "8"]
[White "Sveshnikov, Evgeny"]
[Black "Riazantsev, Alexander"]
[Result "1/2-1/2"]
[WhiteElo "2504"]
[BlackElo "2629"]
[EventDate "2007.03.09"]

1. e4 c6 2. d4 d5 3. exd5 cxd5 4. Nf3 Nc6 5. Bf4 Bf5 6. c3 e6 7. Qb3 Qd7 
8. Ne5 Nxe5 9. Bxe5 Ne7 10. Nd2 Nc6 11. Nf3 Be4 12. Nd2 Bg6 13. Nf3 Be4 
1/2-1/2

[Event "EU-ch 8th"]
[Site "Dresden"]
[Date "2007.04.06"]
[Round "4"]
[White "Beliavsky, Alexander G"]
[Black "Rogozenko, Dorian"]
[Result "1/2-1/2"]
[WhiteElo "2648"]
[BlackElo "2528"]
[EventDate "2007.04.03"]

1. d4 d5 2. c4 c6 3. Nf3 Nf6 4. Nc3 e6 5. Bg5 Nbd7 6. cxd5 exd5 7. e3 Be7 
8. Bd3 Ne4 9. Bxe7 Qxe7 10. Qc2 Ndf6 11. Ne5 O-O 12. O-O Bf5 13. Na4 g6 
14. Qd1 Nd6 15. Be2 Nd7 16. Nxd7 Bxd7 17. Nc5 Rae8 18. Re1 Bc8 19. Rc1 h5 
20. a4 Qg5 21. b4 a6 22. Bf1 h4 23. Qb3 Ne4 24. Nxe4 Rxe4 25. b5 axb5 26. 
axb5 Bd7 27. bxc6 bxc6 28. Qb7 Re7 29. Qb4 Qf6 30. Ra1 h3 31. g3 Bf5 32. 
Ra6 Re6 33. Rea1 Be4 34. Ra8 Ree8 35. Rxe8 Rxe8 36. Be2 Bf3 37. Bf1 Be4 
38. Be2 Bf3 1/2-1/2

[Event "EU-ch 8th"]
[Site "Dresden"]
[Date "2007.04.08"]
[Round "6"]
[White "Volkov, Sergey"]
[Black "Vaganian, Rafael A"]
[Result "1-0"]
[WhiteElo "2640"]
[BlackElo "2590"]
[EventDate "2007.04.03"]

1. d4 d5 2. c4 e6 3. Nc3 Be7 4. cxd5 exd5 5. Bf4 c6 6. e3 Bf5 7. Nge2 Nd7 
8. Ng3 Bg6 9. Be2 Qb6 10. Qd2 h5 11. h4 Qd8 12. e4 Nb6 13. Bg5 dxe4 14. 
Ngxe4 Bxe4 15. Nxe4 Nf6 16. Nxf6+ Bxf6 17. O-O-O Qd6 18. Bxh5 Rd8 19. Qe3+
Kf8 20. Bf3 Re8 21. Qd3 Nd5 22. Bxd5 cxd5 23. Kb1 g6 24. g3 Bxg5 25. hxg5 
Rxh1 26. Rxh1 Kg7 27. Qf3 Re4 28. Qc3 Qe7 29. a3 Re2 30. Ka2 Qe4 31. f3 
Qc2 32. Rc1 Qf5 33. f4 Qd7 34. Qd3 Re8 35. Qb3 b6 36. Qf3 Re4 37. Qh1 Kg8 
38. Qh6 Qa4 39. f5 gxf5 40. g6 fxg6 41. Rc7 1-0

[Event "EU-ch 8th"]
[Site "Dresden"]
[Date "2007.04.09"]
[Round "7"]
[White "Yakovich, Yuri"]
[Black "Polak, Tomas"]
[Result "1-0"]
[WhiteElo "2600"]
[BlackElo "2510"]
[EventDate "2007.04.03"]

1. d4 Nf6 2. c4 e6 3. Nc3 d5 4. cxd5 exd5 5. Bg5 Be7 6. e3 c6 7. Bd3 Bg4 
8. Qb3 Qb6 9. Qc2 h6 10. Bh4 Na6 11. a3 Qa5 12. Qc1 c5 13. Bb5+ Bd7 14. 
Bxd7+ Nxd7 15. Bxe7 Kxe7 16. Ne2 c4 17. O-O Nf6 18. f3 Rad8 19. e4 dxe4 
20. fxe4 Qg5 21. Rf4 Nc7 22. h4 Qg6 23. Qe3 Ng4 24. Qg3 Nf6 25. Qf3 Ne6 
26. e5 Nh5 27. Qxb7+ Kf8 28. Re4 Kg8 29. Rf1 Rf8 30. Qxa7 Kh7 31. d5 Nd8 
32. Rxc4 Re8 33. Qd4 Rhf8 34. b4 Kh8 35. Nf4 Nxf4 36. Qxf4 Qh5 37. Re4 Nb7
38. Qf5 Qxf5 39. Rxf5 Rc8 40. Rf3 1-0

[Event "EU-ch 8th"]
[Site "Dresden"]
[Date "2007.04.13"]
[Round "10"]
[White "Mastrovasilis, Athanasios"]
[Black "Gurevich, Mikhail"]
[Result "0-1"]
[WhiteElo "2543"]
[BlackElo "2635"]
[EventDate "2007.04.03"]

1. d4 d5 2. c4 c6 3. Nf3 Nf6 4. Nc3 e6 5. Bg5 Nbd7 6. cxd5 exd5 7. e3 Be7 
8. Bd3 O-O 9. Qc2 Re8 10. O-O Nf8 11. h3 Be6 12. Rab1 Ne4 13. Bf4 Bd6 14. 
Bxd6 Nxd6 15. b4 Rc8 16. Rfc1 Qf6 17. Qd1 a6 18. a4 Nd7 19. b5 axb5 20. 
axb5 c5 21. dxc5 Nxc5 22. Bf1 Nce4 23. Nxe4 Nxe4 24. Qd4 Qxd4 25. Nxd4 Bd7
26. Bd3 Nd6 27. Kf1 Kf8 28. Ke2 Ke7 29. Kd2 Ne4+ 30. Bxe4 dxe4 31. Rc3 Kd6
32. Rb4 Re5 33. Rxc8 Bxc8 34. Kc3 Rc5+ 35. Rc4 Kd5 36. Rxc5+ Kxc5 37. h4 
b6 38. Kb3 Bd7 39. Kc3 Bxb5 40. Nb3+ Kd5 41. Kb4 Bf1 42. g3 f6 43. Nd2 Bd3
44. Nb3 Ke5 45. Nd4 Ba6 46. Kc3 g5 47. f4+ exf3 48. Nxf3+ Kf5 49. e4+ Kg6 
50. hxg5 fxg5 51. Ne5+ Kg7 52. Nd7 h5 53. Nxb6 h4 54. gxh4 gxh4 55. Nd5 h3
56. Nf4 h2 57. Nh5+ Kg6 58. Ng3 Kg5 59. Kd2 Kf4 60. Nh1 Kxe4 61. Ke1 Kf3 
62. Nf2 Kg2 0-1

[Event "Geller mem op-A 3rd"]
[Site "Odessa"]
[Date "2007.09.14"]
[Round "7"]
[White "Zubarev, Alexander2"]
[Black "Eingorn, Vereslav S"]
[Result "1-0"]
[WhiteElo "2504"]
[BlackElo "2586"]
[EventDate "2007.09.08"]

1. d4 Nf6 2. c4 e6 3. Nc3 d5 4. cxd5 exd5 5. Bg5 Be7 6. e3 Nbd7 7. Bd3 c6 
8. Qc2 Nh5 9. Bxe7 Qxe7 10. O-O-O Nb6 11. h3 g6 12. Nf3 Be6 13. Kb1 O-O-O 
14. Rc1 Nf6 15. Na4 Nfd7 16. Nc5 Nxc5 17. dxc5 Nc4 18. Ka1 f6 19. Nd4 Bf7 
20. Qa4 Kb8 21. b3 Ne5 22. Be2 f5 23. Rc3 Qf6 24. Rd1 f4 25. exf4 Nc4 26. 
Rcd3 Rhe8 27. Bf3 Re4 28. Kb1 Rxf4 29. bxc4 g5 30. Kc1 Bg6 31. R3d2 Be4 
32. Bxe4 Rxe4 33. Qc2 Rde8 34. cxd5 cxd5 35. Kb1 1-0

[Event "Madrid FMA Masters"]
[Site "Madrid"]
[Date "2007.04.23"]
[Round "6"]
[White "Hernandez Carmenates, Holden"]
[Black "Vazquez Igarza, Renier"]
[Result "1/2-1/2"]
[WhiteElo "2541"]
[BlackElo "2517"]
[EventDate "2007.04.20"]

1. d4 Nf6 2. c4 e6 3. Nc3 d5 4. cxd5 exd5 5. Bg5 Be7 6. e3 c6 7. Bd3 O-O 
8. Qc2 Nbd7 9. Nf3 Re8 10. O-O Nf8 11. h3 Ne4 12. Bxe7 Qxe7 13. Bxe4 dxe4 
14. Nd2 f5 15. Nc4 Ng6 16. f4 Be6 17. Ne5 Nxe5 1/2-1/2

[Event "Moscow Aeroflot op-A"]
[Site "Moscow"]
[Date "2007.02.20"]
[Round "7"]
[White "Gareev, Timur"]
[Black "Berg, Emanuel"]
[Result "1-0"]
[WhiteElo "2551"]
[BlackElo "2586"]
[EventDate "2007.02.14"]

1. c4 e6 2. d4 Nf6 3. Nf3 d5 4. Nc3 c6 5. Bg5 Nbd7 6. cxd5 exd5 7. e3 Be7 
8. Qc2 O-O 9. Bd3 Re8 10. h3 Nf8 11. Bf4 Ne6 12. Be5 g6 13. O-O-O a5 14. 
h4 Ng7 15. Ng5 Nfh5 16. Rdg1 f5 17. Nxh7 Kxh7 18. g4 Nf6 19. h5 gxh5 20. 
gxh5 Rg8 21. h6 Ne6 22. Bxf5+ Kh8 23. Bxe6 Bxe6 24. Rg7 Rxg7 25. hxg7+ 
Kxg7 26. Rh7+ Kf8 27. Qg6 Bg8 28. Rh8 1-0

[Event "Moscow Aeroflot op-A"]
[Site "Moscow"]
[Date "2007.02.20"]
[Round "7"]
[White "Aleksandrov, Aleksej"]
[Black "Jobava, Baadur"]
[Result "0-1"]
[WhiteElo "2601"]
[BlackElo "2650"]
[EventDate "2007.02.14"]

1. d4 d5 2. c4 e6 3. Nc3 Be7 4. cxd5 exd5 5. Bf4 c6 6. Qc2 Nf6 7. e3 Nbd7 
8. Bd3 Nh5 9. Bg3 g6 10. O-O-O O-O 11. Nf3 Nxg3 12. hxg3 Bf6 13. e4 Bg7 
14. exd5 cxd5 15. Nxd5 Nb6 16. Nf4 Bd7 17. Kb1 Rc8 18. Qd2 Nc4 19. Bxc4 
Rxc4 20. Rc1 Ra4 21. Rc5 Bc6 22. Qc2 Qd6 23. Ne2 Re8 24. Nc3 Rxd4 25. Nb5 
Qd7 26. Rxc6 Rb4 27. Rc3 Qxb5 28. Rb3 Rxb3 29. axb3 Re2 30. Qc8+ Bf8 31. 
Nd4 Qd3+ 32. Nc2 Rxf2 33. Rc1 Qxb3 34. Re1 Rxg2 0-1

[Event "Nezhmetdinov mem 29th"]
[Site "Kazan"]
[Date "2007.06.08"]
[Round "8"]
[White "Bocharov, Dmitry"]
[Black "Askarov, Marat"]
[Result "1-0"]
[WhiteElo "2614"]
[BlackElo "2561"]
[EventDate "2007.06.01"]

1. d4 d5 2. c4 c6 3. Nf3 Nf6 4. Nc3 e6 5. Bg5 Nbd7 6. cxd5 exd5 7. e3 Be7 
8. Qc2 O-O 9. Bd3 Re8 10. h3 Nf8 11. Bf4 Bd6 12. Bxd6 Qxd6 13. O-O-O Be6 
14. Kb1 Rac8 15. g4 c5 16. dxc5 Rxc5 17. Nd4 Qb6 18. f3 Rec8 19. Qd2 Qd8 
20. g5 Nh5 21. h4 a6 22. f4 Ng3 23. Nxe6 Nxe6 24. Rhg1 Ne4 25. Bxe4 dxe4 
26. Nxe4 Qb6 27. Nd6 Rd8 28. f5 Nc7 29. Qh2 Nb5 30. Nxb5 Qxb5 31. Qf4 
Rxd1+ 32. Rxd1 1-0

[Event "Prague Cez Trophy m1"]
[Site "Prague"]
[Date "2007.08.30"]
[Round "2"]
[White "Navara, David"]
[Black "Short, Nigel D"]
[Result "1/2-1/2"]
[WhiteElo "2656"]
[BlackElo "2683"]
[EventDate "2007.08.30"]

1. d4 Nf6 2. c4 e6 3. Nc3 d5 4. cxd5 exd5 5. Bg5 c6 6. e3 Bf5 7. Qf3 Bg6 
8. Bxf6 Qxf6 9. Qxf6 gxf6 10. Nf3 Nd7 11. Nh4 Be7 12. g3 Nb6 13. Bh3 Nc4 
14. O-O-O a5 15. Bf5 a4 16. g4 Rg8 17. h3 b5 18. Ne2 Kd8 19. Bc2 Bd6 20. 
Nf5 Kc7 21. Nxd6 Nxd6 22. Nf4 Rae8 23. Rhg1 Kb6 24. h4 h6 25. Rde1 Rg7 26.
 Rg2 Bxc2 27. Kxc2 f5 28. Reg1 Reg8 29. g5 hxg5 30. Rxg5 Rxg5 31. Rxg5 
Rxg5 32. hxg5 Ne4 33. Nh3 Kc7 34. f3 Nd6 35. b3 axb3+ 36. axb3 Nc8 37. Nf4
Kd6 38. Kc3 Nb6 39. Nh5 Nc8 40. Kb4 Ne7 41. Ng3 Kd7 42. Kc5 Kc7 43. Ne2 
Ng6 44. Nc1 Nh4 45. f4 Ng2 46. Nd3 Nxe3 47. Ne5 Ng2 48. Nxc6 Nxf4 49. Ne5 
Ne6+ 50. Kxb5 Nxd4+ 51. Kc5 Ne6+ 52. Kxd5 Nxg5 53. Nd3 Ne6 54. Ke5 f4 55. 
Nxf4 Nxf4 56. Kxf4 Kb6 57. Ke5 Kc5 58. Kf6 Kb4 59. Kxf7 Kxb3 1/2-1/2

[Event "RUS-ch Higher League 60th"]
[Site "Krasnoyarsk"]
[Date "2007.09.06"]
[Round "4"]
[White "Khairullin, Ildar"]
[Black "Kiriakov, Petr"]
[Result "1/2-1/2"]
[WhiteElo "2567"]
[BlackElo "2541"]
[EventDate "2007.09.03"]

1. c4 e6 2. Nc3 d5 3. d4 Nf6 4. cxd5 exd5 5. Bg5 c6 6. e3 Nbd7 7. Bd3 Be7 
8. Qc2 Nh5 9. Bxe7 Qxe7 10. O-O-O Nb6 11. h3 g6 12. Nf3 Bd7 13. Kb1 O-O-O 
14. Qb3 Ng7 15. Ka1 Bf5 16. Be2 Ne8 17. Rc1 Kb8 18. g4 Be6 19. Ne5 Rc8 20.
 Na4 Nxa4 21. Qxa4 Nd6 22. Rc3 f6 23. Nd3 Nc4 24. Nc5 Bf7 25. Rb3 b6 26. 
Rc1 Rhe8 27. Qa6 Qc7 28. Qxc4 dxc4 29. Na6+ Kb7 30. Nxc7 cxb3 31. Nxe8 
Rxe8 32. Bf3 Rc8 33. axb3 Bxb3 34. Rc3 Be6 35. b4 a6 36. Kb2 f5 37. gxf5 
Bd5 1/2-1/2

[Event "RUS-ch Higher League 60th"]
[Site "Krasnoyarsk"]
[Date "2007.09.10"]
[Round "7"]
[White "Khismatullin, Denis"]
[Black "Timofeev, Artyom"]
[Result "1/2-1/2"]
[WhiteElo "2566"]
[BlackElo "2650"]
[EventDate "2007.09.03"]

1. d4 d5 2. c4 e6 3. Nf3 Nf6 4. Bg5 c6 5. e3 Nbd7 6. cxd5 exd5 7. Bd3 Be7 
8. Nc3 Nf8 9. Qc2 Ne6 10. Bh4 g6 11. O-O Ng7 12. b4 a6 13. Rab1 Bf5 14. a4
Bxd3 15. Qxd3 Nf5 16. Bxf6 Bxf6 17. b5 O-O 18. bxc6 bxc6 19. Rfc1 a5 20. 
Ne2 Qd7 21. Qc3 Rfc8 22. Rb6 Ne7 23. Nf4 Qd8 24. Rcb1 Kg7 25. g3 Qd7 26. 
Ne5 Qf5 27. Nfd3 h5 28. Rb7 g5 29. f3 Kg8 30. Kg2 g4 31. Rf1 Rab8 32. Rxb8
Rxb8 33. e4 Qg5 34. Nd7 Rd8 35. Nxf6+ Qxf6 36. Ne5 Qe6 37. Qxa5 Rd6 38. 
fxg4 f6 39. exd5 Rxd5 40. Qa8+ Kg7 41. gxh5 Nf5 42. Qb7+ Ne7 43. Nf3 Qe2+ 
44. Rf2 Qe4 45. h3 Rxh5 46. Qc7 Kg6 47. Qf4 Qxf4 48. gxf4 Ra5 49. Ra2 Nd5 
50. Nd2 Nxf4+ 51. Kf3 Nxh3 52. Nb3 Ng5+ 53. Ke3 Ra7 54. Nc5 Kf7 55. a5 Ne6
56. a6 Ke7 57. Kd3 Nc7 58. Kc4 Kd6 59. Re2 Ra8 60. Ra2 f5 61. Ra4 f4 62. 
Ra3 f3 63. Rxf3 Nxa6 64. Rf6+ Ke7 65. Re6+ Kd8 66. Rh6 Nc7 67. Rh8+ Ne8 
68. d5 cxd5+ 1/2-1/2

[Event "RUS-ch U20"]
[Site "Saint Petersburg"]
[Date "2007.03.19"]
[Round "9"]
[White "Andreikin, Dmitry"]
[Black "Romanov, Evgeny"]
[Result "1/2-1/2"]
[WhiteElo "2509"]
[BlackElo "2501"]
[EventDate "2007.03.10"]

1. d4 Nf6 2. c4 e6 3. Nf3 d5 4. Nc3 c6 5. cxd5 exd5 6. Bg5 Be7 7. Qc2 Nbd7
8. e3 O-O 9. Bd3 Re8 10. h3 Nf8 11. O-O-O Be6 12. Kb1 a6 13. g4 Rc8 14. 
Na4 Ne4 15. Bxe7 Qxe7 16. Nc5 Nd6 17. Ne5 a5 18. Rc1 f6 19. Nf3 Bf7 20. g5
Bg6 21. gxf6 Qxf6 22. Ne5 Bxd3 23. Ncxd3 Qf5 24. Ka1 1/2-1/2